Sports Quiz

Random Sports Quiz

Wrestling Stables Quiz Stats

 Plays Quiz not verified by Sporcle

Score 0/40 Timer 08:00
0 Plays Today
2 Wrestlers Stable % Correct
Billy Gunn and Shawn MichaelsD Generation X
92.5%
Randy Orton and BatistaEvolution
91.7%
Heath Slater and Darren YoungThe Nexus
89.8%
Jim Neidhart and Owen HartThe Hart Foundation
89.3%
Randy Orton and Ted DiBiaseLegacy
88.1%
Hulk Hogan and Big ShownWo
85.7%
CM Punk and SerenaStraight Edge Society
83.7%
Arn Anderson and Tully BlanchardFour Horsemen
83.3%
Test and Lance StormThe Un-Americans
75.5%
Dolph Ziggler and MikeySpirit Squad
74.3%
Big Boss Man and Triple HThe Corporation
72.8%
Steven Richards and NovabWo
72.1%
D'Lo Brown and The RockNation of Domination
70.9%
Kurt Angle and Scott SteinerMain Event Mafia
70.6%
Chris Benoit and Perry SaturnRadicalz
69.4%
Nunzio and Tony MamalukeFBI
69.2%
Billy Kidman and RavenRaven's Flock
68%
Al Snow and GillbergJob Squad
66.3%
Velvet Sky and Angelina LoveThe Beautiful People
65.8%
Val Venis and IvoryRight 2 Censor
65%
2 Wrestlers Stable % Correct
Crush and AxDemolition
64.8%
Faarooq and EdgeMinistry of Darkness
60.4%
Bradshaw and Danny BashamThe Cabinet
58.5%
Tommy Dreamer and SandmanECW Originals
58%
Chavo Guerrero and Curt HawkinsLa Familia
55.8%
Rey Mysterio and La ParkalWo
55.6%
Kurrgan and GolgaThe Oddities
53.6%
Andre the Giant and Mr. PerfectThe Heenan Family
52.9%
Rob Van Dam and Steve AustinAlliance
52.7%
Chainz and 8 BallDisciples of Apocalypse
51%
Jimmy Garvin and Terry GordyFabulous Freebirds
48.3%
King Kong Bundy and TatankaMillion Dollar Corporation
41.7%
Abyss, and Jeff HardyImmortal
41%
Barry Windham and Mr. PerfectWest Texas Rednecks
36.7%
Sniper and The InterrogatorThe Truth Commission
31.1%
The Undertaker and Dan SpiveySkyscrapers
29.6%
Kazarian and AJ StylesFourtune
27.7%
Owen Hart and VaderCamp Cornette
24.3%
William Regal and Ezekial JacksonThe Ruthless Roundtable
22.8%
AJ Styles and Samoa JoeFrontline
20.9%

You're not logged in!

Compare scores with friends on all Sporcle quizzes.
OR
Log In

Sporcle TV

Today on Sporcle TV


Watch our educational content, quiz creation guides, and fun videos on Sporcle TV.

Show Comments

Extras

Created Nov 25, 2010ReportNominate
Tags:stable, wrestlers, wrestling

Top Quizzes Today


Score Distribution

Your Account Isn't Verified!

In order to create a playlist on Sporcle, you need to verify the email address you used during registration. Go to your Sporcle Settings to finish the process.

Report this User

Report this user for behavior that violates our Community Guidelines.

Details: